• 首页
  • 本馆介绍
  • 公告通知
  • 最新文献
  • 馆藏检索
  • 电子资源
  • 读者导购
  • 参考咨询
  • 我的图书馆
  • 登录
  • 详细信息显示
  • 放入我的书架
  • 预约/预借图书
  • 作者相关作品
  • 分类相关作品
  • 丛书相关作品
  • 出版社相关作品

书目信息

  • 表格格式
  • 工作单格式
  • 卡片格式
题名:
探寻中华文化的基因
    
 
作者: ;复旦大学出土文献与古文字研究中心 编选
分册: 二  
出版信息: 北京   商务印书馆  2017
页数: 235页
开本: 24cm
丛书名: 复旦中文学科建设丛书
单 册:
中图分类: K203-53 , K877.04
科图分类:
主题词: 中华文化--文集 , 出土文物--文献--中国--文集
电子资源:
ISBN: 978-7-100-15472-7
000 01122oam2 2200277 450
001 3665
005 20181009095019.37
010    @a978-7-100-15472-7@dCNY42.00
100    @a20180513d2017 em y0chiy50 ea
101 0  @achi
102    @aCN@b110000
105    @ay z 000yy
200 1  @a探寻中华文化的基因@9tan xun zhong hua wen hua de ji yin@h二@f复旦大学出土文献与古文字研究中心编选
210    @a北京@c商务印书馆@d2017
215    @a235页@d24cm
225 1  @a复旦中文学科建设丛书@i出土文献与典籍、思想、历史、文化卷
330    @a本书收录复旦大学中文学科建立以来包括裘锡圭、刘钊、陈家宁、刘钊、张传官、郭永秉、邬可晶、赵争、广濑薰雄等师生论文十六篇,文章相对偏向与出土文献与典籍、思想、历史、文化等方面的研究。
461  0 @12001 @a复旦中文学科建设丛书
462  0 @12001 @a出土文献与典籍、思想、历史、文化卷
606 0  @a中华文化@j文集
606 0  @a出土文物@x文献@y中国@j文集
690    @aK203-53@v5
690    @aK877.04@v5
711 02 @a复旦大学出土文献与古文字研究中心@9fu dan da xue chu tu wen xian yu gu wen zi yan jiu zhong xin@4编选
801  0 @aCN@b91MARC@c20180513
905    @aMuseLib@dK203-53@e312:2
    
    探寻中华文化的基因.二/复旦大学出土文献与古文字研究中心编选.-北京:商务印书馆,2017
    235页;24cm.-(复旦中文学科建设丛书.出土文献与典籍、思想、历史、文化卷)
    
    
    ISBN 978-7-100-15472-7:CNY42.00
    本书收录复旦大学中文学科建立以来包括裘锡圭、刘钊、陈家宁、刘钊、张传官、郭永秉、邬可晶、赵争、广濑薰雄等师生论文十六篇,文章相对偏向与出土文献与典籍、思想、历史、文化等方面的研究。
●
相关链接 在E读中查询图书 在五车中查询图书 在当当中查询图书 在豆瓣中查询图书


正题名:探寻中华文化的基因     索取号:K203-53/312:2         预约/预借

序号 登录号 条形码 馆藏地/架位号 状态 备注
1 1123117   211231175   第二样本阅览室/ [索取号:K203-53/312:2] 在馆    
2 1123118   211231184   第二借阅区/ [索取号:K203-53/312:2] 在馆    
3 1123119   211231193   第二借阅区/ [索取号:K203-53/312:2] 在馆    
4 1123120   211231200   第二借阅区/ [索取号:K203-53/312:2] 在馆    
5 1123121   211231219   密集书库-资源管理系/ [索取号:K203-53/312:2] 在馆    
唐山师范学院图书馆 欢迎您!
大连网信软件有限公司© 版权所有